| 000 | 006230000a22001810004500 | ||
|---|---|---|---|
| 090 |
_aAR _b01962 |
||
| 245 | 1 | 0 | _aEtudes sur les Cicindélides. XCI. Contribution á la connaissance de la faune de la république de Guinée (<Coleoptera, Cicindelidae>) |
| 650 | 1 | 4 |
_aColeópteros _97857 |
| 650 | 1 | 4 |
_aBiodiversidad _992204 |
| 650 | 1 | 4 |
_aInventarios de insectos _993273 |
| 650 | 1 | 4 |
_aEntomología _94483 |
| 651 | 4 |
_pGuinea _992749 |
|
| 653 | _fCicindelidae | ||
| 041 | 0 | _aFrancés | |
| 100 | 1 |
_aCassola, Fabio _99428 |
|
| 942 | _cARTICULO | ||
| 773 | 1 |
_tBulletin de la Societe Entomologique de France _3657 _h1 _q63-72 _d1998 _g103 |
|
| 999 |
_c11039 _d11039 |
||